000 00301nam a22001457a 4500
008 210511b ||||| |||| 00| 0 eng d
020 _a9780737740042
041 _aeng
080 _a34
082 _a34
100 _a16
101 _aJUR
245 _aGovernment Spending
_cOPVS
942 _2udc
_cBK
999 _c57185
_d57185